000 00849nam a2200169 i 4500
001 160875
003 ES-MaACL
005 20230906212138.0
008 041004s1855 sp |||| | spa d
040 _aCAM
_bspa
_cCAM
100 1 _aOchagavía, Manuel María.
_9130590
245 1 0 _aDiscurso pronunciado en la Real Iglesia de Santo Tomás de esta Corte el día 7 de julio del presente año, en el aniversario que la Sociedad Filantrópica de Milicianos Nacionales Veteranos celebró a la memoria de los héroes de este día /
_cpor el presbítero D. Manuel María Ochagavia.
260 _aMadrid :
_b[s.n.],
_c1855 (
_fImp. y Fund. de Eusebio Aguado)
300 _a35 p. ;
_c22 cm.
710 2 _aSociedad Filantrópica de Milicianos Nacionales Veteranos.
_9161745
852 _aES-MaACL
_jFol-Laf-307
_z- rúst.
_z. - Legado de Modesto de la Fuente
999 _c160875
_d160875